00747nam a2200205 4500001000700000003000900007005001700016007000300033008004100036100002500077245011100102260003300213300003500246700003000281700002600311700003100337852003200368999001900400952012200419149092ES-MaACL20251126143558.0t|070214s1970 sp r ||||1| spa d1 aSykes, M. K.910896010aInsuficiencia respiratoria / cM. K. Sykes, E. J. M. Campbell, M. W. McNicol ; versión de P. Roca Amigo. aBarcelona : bToray, c1970. aXII, 367 p. : bil. ; c22 cm.1 aCampbell, E. J. M.9341361 aMcNicol, M. W.9796120 aRoca Amigó, Pedro997984 aES-MaACLjC-38525 bR.75619 c149092d149092 00104070aATENEOMbATENEOMcDEPO2d2008-01-17eSCl0oC-38525p1155582r2023-02-23 00:00:00w2023-02-23yMONOGRAFIA